000 00864nam a22003017a 4500
001 7653
003 FISKH
005 20250729155840.0
008 250729b cb ||||| |||| 00| 0 eng d
020 _a9781842393185
040 _aFISKH
_beng
_cFISKH
_dFISKH
050 _aPZ7
082 _a823.912
100 _aBlyton, Enid
245 _aThe tale of cluck and clopper /
_cBy Enid Blyton
250 _aThis edition published in 2004
260 _aLondon :
_bAlligator Books Limited ,
_c2001.
300 _a21 pages :
_bcolor illustrations ;
_c24 cm .
490 _aAlligator Series 1
_vBook 1
505 _aJ
521 8 _a500
_bLexile estimate
521 8 _aJ
_bRaz-Plus
650 _aHorse
_vChildren Fiction
650 _aHen
_vChildren Fiction
700 _aWard, Sylvia
_eIllustrator
942 _2ddc
_cBK
_n0
999 _c7653
_d7653